La comunidad liberal / (Record no. 13422)

MARC details
000 -LEADER
campo de control de longitud fija 00913nam a2200265 i 4500
001 - NÚMERO DE CONTROL
campo de control 13422
003 - IDENTIFICADOR DE NÚMERO DE CONTROL
campo de control ES-MaACL
005 - FECHA Y HORA DE LA ÚLTIMA TRANSACCIÓN
campo de control 20250728095015.0
007 - CAMPO FIJO DE DESCRIPCIÓN FÍSICA--INFORMACIÓN GENERAL
campo de control de longitud fija t|
008 - DATOS DE LONGITUD FIJA--INFORMACIÓN GENERAL
campo de control de longitud fija 980309s1996 ck ||||1| spa d
020 ## - NÚMERO INTERNACIONAL ESTÁNDAR DEL LIBRO
Número Internacional Estándar del Libro 958-665-001-4
080 ## - NÚMERO DE LA CLASIFICACIÓN DECIMAL UNIVERSAL
Número de la Clasificación Decimal Universal 330.82
100 1# - ENTRADA PRINCIPAL--NOMBRE DE PERSONA
Nombre de persona Dworkin, R. M. (1931-)
9 (RLIN) 148248
245 13 - MENCIÓN DEL TÍTULO
Título La comunidad liberal /
Mención de responsabilidad, etc. Ronald Dworkin ; estudio preliminar Daniel Bonilla, Isabel Cristina Jaramillo.
260 ## - PUBLICACIÓN, DISTRIBUCIÓN, ETC.
Lugar de publicación, distribución, etc. Santafé de Bogotá :
Nombre del editor, distribuidor, etc. Siglo del Hombre :
-- Universidad de los Andes, Facultad de Derecho,
Fecha de publicación, distribución, etc. 1996.
300 ## - DESCRIPCIÓN FÍSICA
Extensión 191 p. ;
Dimensiones 19 cm.
490 1# - MENCIÓN DE SERIE
Mención de serie Nuevo pensamiento jurídico
504 ## - NOTA DE BIBLIOGRAFÍA, ETC.
Nota de bibliografía, etc. Bibliografía : p. 185-191.
650 17 - PUNTO DE ACCESO ADICIONAL DE MATERIA--TÉRMINO DE MATERIA
Término de materia o nombre geográfico como elemento de entrada Liberalismo
Fuente del encabezamiento o término embne
9 (RLIN) 14386
700 1# - ENTRADA AGREGADA--NOMBRE PERSONAL
Nombre de persona Bonilla, Daniel.
9 (RLIN) 30175
700 1# - ENTRADA AGREGADA--NOMBRE PERSONAL
Nombre de persona Jaramillo, Isabel Cristina.
9 (RLIN) 66101
830 0# - PUNTO DE ACCESO ADICIONAL DE SERIE-TÍTULO UNIFORME
Título uniforme Nuevo pensamiento jurídico
9 (RLIN) 228412
852 ## - LOCALIZACIÓN
Ubicación ES-MaACL
Número de control de estantería L-20769
Sublocalización o colección R.125797
Holdings
Estatus retirado Estado de pérdida Estado de daño No para préstamo Biblioteca de origen Biblioteca actual Ubicación en estantería Fecha de adquisición Fuente de adquisición Total de préstamos Signatura topográfica completa Código de barras Visto por última vez Precio de reemplazo Tipo de ítem Koha
        Biblioteca del Ateneo de Madrid Biblioteca del Ateneo de Madrid Depósito 2 17/01/2008     L-20769 1013665 23/02/2023 23/02/2023 Libro impreso